Phân tích hiện trạng nghề nuôi ốc hương (Babylonia areolata Link, 1807) ở đảo Phú Quốc - tỉnh Kiên Giang : Luận văn tốt nghiệp cao học. Ngành nuôi trồng thủy sản

Nghiên cứu đánh giá hiện trạng môi trường nước trong khu vực nuôi Ốc hương, phân tích các khía cạnh kỹ thuật và tài chính, những thuận lợi và khó khăn của mô hình nuôi Ốc hương ở Phú Quốc. Đề xuất các biện pháp nâng cao hiệu quả tài...

Full description

Saved in:
Bibliographic Details
Main Author: Ngô, Văn Út
Format: Book
Language:Undetermined
Published: Cần Thơ Trường Đại học Cần Thơ 2012
Subjects:
Tags: Add Tag
No Tags, Be the first to tag this record!
Institutions: Trung tâm Học liệu Trường Đại học Cần Thơ
LEADER 01405nam a2200217Ia 4500
001 CTU_178820
008 210402s9999 xx 000 0 und d
082 |a 639.483 
082 |b U522 
088 |a 60620301 
100 |a Ngô, Văn Út 
245 0 |a Phân tích hiện trạng nghề nuôi ốc hương (Babylonia areolata Link, 1807) ở đảo Phú Quốc - tỉnh Kiên Giang : 
245 0 |b Luận văn tốt nghiệp cao học. Ngành nuôi trồng thủy sản 
245 0 |c Ngô Văn Út ; Trương Hoàng Minh, Vũ Ngọc Út (Cán bộ hướng dẫn) 
260 |a Cần Thơ 
260 |b Trường Đại học Cần Thơ 
260 |c 2012 
520 |a Nghiên cứu đánh giá hiện trạng môi trường nước trong khu vực nuôi Ốc hương, phân tích các khía cạnh kỹ thuật và tài chính, những thuận lợi và khó khăn của mô hình nuôi Ốc hương ở Phú Quốc. Đề xuất các biện pháp nâng cao hiệu quả tài chính, kỹ thuật và giảm thiểu tác nhân ảnh hưởng xấu đến môi trường của nghề nuôi Ốc hương. 
650 |a Aquaculture,Snails,Nuôi trồng thủy sản,Ốc 
904 |i Năm 
980 |a Trung tâm Học liệu Trường Đại học Cần Thơ